LEADER 01696nam0 22003853i 450 001 VAN00254874 005 20251104021406.632 017 70$2N$a9783642283789 100 $a20230217d2012 |0itac50 ba 101 $aeng 102 $aDE 105 $a|||| ||||| 181 $ai$b e 182 $ab 183 $acr 200 1 $aActivity-Based Protein Profiling$feditor Stephan A. Sieber$gwith contributions by R. Breinbauer ... [et al.] 210 $aHeidelberg$cSpringer$d2012 215 $aXI, 165 p.$cill.$d24 cm 410 1$1001VAN00071253$12001 $aTopics in current chemistry$1210 $aBerlin$cSpringer$v324 620 $aDE$dHeidelberg$3VANL000282 676 $a547$cChimica organica$v22 702 1$aBreinbauer$bR.$3VANV207838 702 1$aSieber$bStephan A.$3VANV207837 712 $aSpringer $3VANV108073$4650 790 1$aSieber, S. A.$zSieber, Stephan A.$3VANV208658 790 1$aSieber, S.A.$zSieber, Stephan A.$3VANV208659 790 1$aSieber, Stephan Axel$zSieber, Stephan A.$3VANV208660 801 $aIT$bSOL$c20251107$gRICA 856 4 $uhttps://link.springer.com/openurl?genre=book&isbn=978-3-642-28378-9$zE-book - Accesso al full-text attraverso riconoscimento IP di Ateneo, proxy e/o Shibboleth 899 $aBIBLIOTECA DEL DIPARTIMENTO DI SCIENZE E TECNOLOGIE AMBIENTALI BIOLOGICHE E FARMACEUTICHE$1IT-CE0101$2VAN17 912 $fN 912 $aVAN00254874 950 $aBIBLIOTECA DEL DIPARTIMENTO DI SCIENZE E TECNOLOGIE AMBIENTALI BIOLOGICHE E FARMACEUTICHE$d17CONS e-book 2303 $e17BIB2303/157 157 20230217 996 $aActivity-Based Protein Profiling$91945696 997 $aUNICAMPANIA